| 000 | 01478 a2200205 4500 | ||
|---|---|---|---|
| 001 | 36317 | ||
| 005 | 20260407155639.0 | ||
| 008 | 260407a1999 arg spa d | ||
| 003 | AR-UNSa-BCEJYS | ||
| 040 |
_aAR-UNSa-BCEJYS _bspa _cAR-UNSa-BCEJYS |
||
| 080 |
_a658.5 _xPlanificación y control de la producción |
||
| 245 | 1 | 0 |
_aAdministración de las operaciones _pun énfasis conceptual |
| 264 | 1 |
_aMéxico : _bLimusa-Wiley _c1999 |
|
| 300 |
_a781 p. _c28 cm. |
||
| 505 | _aI.: La función de operaciones en un mercado global: 1. La naturaleza de la función de operaciones - 2. Competitividad medio de la función de operaciones: calida y productividad - 3. La estrategia de operaciones - 4. Selección y diseño del producto o sevicio - II.: Diseño de proceso de transformación: 5. Planeación de la capacidad - 6. Localización de las instalaciones - 7. El proceso de transformación - 8. Distribución de las instalaciones - 9. Diseño de trabajo -III.: Planeación de las operaciones: 10. Planeación agregada y programación maestra - 11. Administración de inventarios - 12. Planeación de requerimientos de materiales - 13. Programación detallada - 14. Sistemas justo-a- tiempo - 15. Administración de proyectos - 16. Administración de la calidad - IV.:Control del proceso de transformación: 17. Control de calidad - Confiabilidad y mantenimiento. | ||
| 041 | _aspa | ||
| 942 | _cBK | ||
| 590 | _aniveau_biblio:m niveau_hierar:0 | ||
| 100 | 1 | _aMeredith, Jack R. | |
| 999 |
_c2636 _d2636 |
||